000 00759nam a2200253 a 4500
008
020 _a0873226992 (pbk.)
049 0 _aMAIN
090 _aQP303
_bVIN
100 1 _aVincent, William J.
245 1 0 _aStatistics in kinesiology /
_cWilliam J. Vincent.
260 _aChampaign, Ill. :
_bHuman Kinetics,
_c1995.
300 _axiv, 257 p. :
_bill. ;
_c23 cm.
500 _aIncludes index.
504 _aIncludes bibliographical references.
650 0 _aKinesiology
_xStatistical methods.
650 0 _aStatistics.
650 0 _aKinesiology
_xResearch
_xMethodology.
907 _a.b10110951
_b21-11-12
_c13-02-04
003
005 20230123133953.0
040 _cNUST
942 _cBOOKS
_kQP303
_mVIN
999 _c157778
_d157778